000 00388nam a2200169Ia 4500
100 _aRussell/ Lynn D/ Adebiyi/G.A
650 _aThermodynamics
942 _cBK
366 _f25
654 _athermodynamics
245 _aEngineering thermodynamics
260 _bOxford Higher Education
_c2007
082 _a536
_bRUS
300 _a734
546 _aENGLISH
_cInfo.Tech
999 _c29808
_d29808